01480nam a22002057a 4500003000800000005001700008006001900025007000300044008004100047020001800088040001700106041000800123050001500131100003000146245012000176260003900296300004600335520084800381700004501229BJBSDDR20260513183339.0a|||||r|||| 00| 0 ta260513s20221974nyu|||||r|||| 00| 0 eng d a9781476770512 bspacBJBSDDR aeng bB531a 20221 aBernstein, Carl, d1944- 10aAll the President's men :bthe greatest reporting story of all time /cCarl Bernstein (Autor), Bob Woodward (Autor) aNew York,bSimon & Schuster,c2022 axxix, 361 pages :billustrations ;c22 cm aThis book follows journalists Bob Woodward and Carl Bernstein as they investigate the 1972 Watergate break-in in Washington, D.C. What begins as a seemingly minor burglary at the Democratic National Committee headquarters grows into a major political scandal involving illegal surveillance, political sabotage, and abuse of presidential power. Using anonymous sources (most famously “Deep Throat”), interviews, and persistent reporting, the journalists uncover a network connecting the burglars to high-level officials in the Nixon administration. Their investigation ultimately contributes to exposing the Watergate scandal and the resignation of President Richard Nixon. The book is both a detailed account of investigative journalism and a real-time political thriller showing how persistent reporting can uncover systemic corruption.1 aWoodward, Bob q(Robert Upshur), d1943-